| 000 | 00718cam a2200253 a 4500 | ||
|---|---|---|---|
| 001 | 1971311 | ||
| 005 | 20180223065622.0 | ||
| 008 | 880629s1987 enka b 101 0 eng c | ||
| 010 | _a 88155659 | ||
| 020 |
_a0198772726 : _c£27.50 |
||
| 020 | _a0198772718 (pbk.) | ||
| 040 |
_aDLC/MH _cMH _dDLC |
||
| 041 | _aeng | ||
| 043 | _ae-uk--- | ||
| 080 | _a330.941 | ||
| 082 | 0 | 0 |
_a330.941 DOR _220 |
| 100 | _a52 | ||
| 101 | _aEKO | ||
| 245 | 0 | 4 |
_aThe Performance of the British economy / _cedited by Rudiger Dornbusch and Richard Layard. |
| 504 | _aIncludes bibliographies and index. | ||
| 906 |
_a7 _bcbc _corignew _d3 _encip _f19 _gy-gencatlg |
||
| 942 |
_2ddc _cBK |
||
| 999 |
_c43226 _d43226 |
||